Tao te ching (Daodejing) : the tao and the power / ... Read More
Available copies
- 2 of 2 copies available at LARL/NWRL Consortium. (Show)
- 2 of 2 copies available at Lake Agassiz Regional Library.
Current holds
0 current holds with 2 total copies.
Show Only Available Copies
| Location | Call Number / Copy Notes | Barcode | Shelving Location | Status | Due Date |
|---|---|---|---|---|---|
| Mahnomen Public Library | 299.5148 LAO (Text) | 33500012834958 | Main | Available | - |
| Moorhead Public Library | 299.5148 LAO (Text) | 33500012834941 | Main | Available | - |
Record details
- ISBN: 9780670024988
- ISBN: 0670024988
- Physical Description: pages cm
- Publisher: New York : Viking, [2018]
Content descriptions
| Bibliography, etc. Note: | Includes bibliographical references and index. |
| Summary, etc.: | "The most translated book in the world after the ... Read More |
Search for related items by subject
| Subject: | BODY, MIND & SPIRIT > Spiritualism. PHILOSOPHY > Taoist. RELIGION > Taoism (see also PHILOSOPHY > Taoist) |
| LDR | 02815cam a22004098i 4500 | ||
|---|---|---|---|
| 001 | 303613 | ||
| 003 | LARL_NWRL_CONSORTIUM | ||
| 005 | 20181127115537.0 | ||
| 008 | 180727s2018 nyu b 001 0 eng | ||
| 010 | . | ‡a 2018030175 | |
| 040 | . | ‡aDLC ‡beng ‡erda ‡cDLC ‡dOCLCQ | |
| 020 | . | ‡a9780670024988 ‡q(hardback) | |
| 020 | . | ‡a0670024988 | |
| 035 | . | ‡a(OCoLC)1048657789 | |
| 041 | 1 | . | ‡aeng ‡hchi |
| 042 | . | ‡apcc | |
| 082 | 0 | 0. | ‡a299.5/1482 ‡223 |
| 084 | . | ‡aOCC027000 ‡aPHI023000 ‡aREL065000 ‡2bisacsh | |
| 100 | 0 | . | ‡aLaozi, ‡eauthor. ‡0(LARL_NWRL_CONSORTIUM)4002 |
| 240 | 1 | 0. | ‡aDao de jing. ‡lEnglish |
| 245 | 1 | 0. | ‡aTao te ching (Daodejing) : ‡bthe tao and the power / ‡cLao-tzu (Laozi) ; translated with an introduction and commentary by John Minford. |
| 263 | . | ‡a1811 | |
| 264 | 1. | ‡aNew York : ‡bViking, ‡c[2018] | |
| 300 | . | ‡apages cm | |
| 336 | . | ‡atext ‡btxt ‡2rdacontent | |
| 337 | . | ‡aunmediated ‡bn ‡2rdamedia | |
| 338 | . | ‡avolume ‡bnc ‡2rdacarrier | |
| 520 | . | ‡a"The most translated book in the world after the Bible, the Tao Te Ching, or "Book of the Way," is a guide to cultivating a life of peace, serenity, and compassion. Through aphorisms and parable, it leads readers toward the Tao, or the "Way": harmony with the life force of the universe. Traditionally attributed to Lao Tzu, a Chinese philosopher who was a contemporary of Confucius, it is the essential text of Taoism, one of the three great religions of ancient China. As one of the world's great works of wisdom literature, it still has much to teach us today, offering a practical model based on modesty and self-restraint for living a balanced existence and for opening your mind, freeing your thoughts, and attaining enlightenment and self-awareness. With its emphasis on calm, simplicity, purity, and non-action, it provides a time-tested refuge from the busyness of modern life. This new translation seeks to understand the Tao Te Ching as a guide to everyday living and encourages a slow, meditative reading experience. The Tao Te Ching's eighty-one brief chapters are accompanied by illuminating commentary, interpretation, poems, and testimonials by the likes of Margaret Mead, Ursula K. Le Guin, and Dr. Wayne W. Dyer. Specially commissioned calligraphy for more than two hundred Chinese characters illustrates the book's essential themes"-- ‡cProvided by publisher. | |
| 504 | . | ‡aIncludes bibliographical references and index. | |
| 650 | 7. | ‡aBODY, MIND & SPIRIT ‡xSpiritualism. ‡2bisacsh | |
| 650 | 7. | ‡aPHILOSOPHY ‡xTaoist. ‡2bisacsh | |
| 650 | 7. | ‡aRELIGION ‡xTaoism (see also PHILOSOPHY ‡xTaoist) ‡2bisacsh | |
| 700 | 1 | . | ‡aMinford, John, ‡etranslator, ‡eeditor. |
| 776 | 0 | 8. | ‡iOnline version: ‡aLaozi. ‡tTao te ching (Daodejing). ‡dNew York : Viking, [2018] ‡z9780525560319 ‡w(DLC) 2018038136 |
| 905 | . | ‡uvanderl | |
| 901 | . | ‡a303613 ‡b ‡c303613 ‡tbiblio ‡soclc | |

Add to basket
Permalink
Enable Highlighting